| 000 | 00504nam a2200157 i 4500 | ||
|---|---|---|---|
| 001 | 40137 | ||
| 003 | ES-MaACL | ||
| 005 | 20230906160141.0 | ||
| 007 | t| | ||
| 008 | 030305s1954 sp ||||1| spa d | ||
| 100 | 1 |
_aCarceller Galindo, Manuel ( _d1899-1983) _935103 |
|
| 245 | 1 | 3 |
_aLa Recolección Agustiniana y la Virgen del Pilar / _cpor M. R. P. Manuel Carceller de la Sagrada Familia. |
| 260 |
_aZaragoza : _bNoticiero, _c1954. |
||
| 300 |
_a66 p. ; _c24 cm. |
||
| 852 |
_aES-MaACL _j1981-F-15 _bR.37207 |
||
| 999 |
_c40137 _d40137 |
||